[Event "Antwerp League-ch op"]
[Site "Antwerp"]
[Date "1994.03.13"]
[Round "9"]
[White "Ferris, Herby"]
[Black "Pax, Walter"]
[Result "1-0"]
[WhiteElo "1801"]
[BlackElo "1793"]
[PlyCount "21"]
[EventDate "1993.09.26"]
[EventType "swiss"]
[EventRounds "9"]
[EventCountry "BEL"]
[SourceTitle "EXT 2021"]
[Source "ChessBase"]
[SourceDate "2020.10.23"]
[SourceVersion "1"]
[SourceVersionDate "2020.10.23"]
[SourceQuality "1"]

1. e4 c5 2. Nf3 Nc6 3. d4 cxd4 4. Nxd4 a6 5. Bc4 e6 6. c3 Nge7 7. f4 Nxd4 8. cxd4 d5 9. Bd3 Qb6 10. Nc3 Qxd4 11. Bb5+ 1-0

[Event "Antwerp League-ch op"]
[Site "Antwerp"]
[Date "1994.02.13"]
[Round "7"]
[White "Ferris, Herby"]
[Black "Burmensky, Igor"]
[Result "0-1"]
[WhiteElo "1801"]
[BlackElo "1720"]
[PlyCount "42"]
[EventDate "1993.09.26"]
[EventType "swiss"]
[EventRounds "9"]
[EventCountry "BEL"]
[SourceTitle "EXT 2021"]
[Source "ChessBase"]
[SourceDate "2020.10.23"]
[SourceVersion "1"]
[SourceVersionDate "2020.10.23"]
[SourceQuality "1"]

1. e4 c6 2. d4 d5 3. Nc3 dxe4 4. Nxe4 g6 5. Bc4 Bg7 6. c3 e6 7. Bf4 Nf6 8. Nd6+ Ke7 9. Qb3 Qd7 10. Qb4 Kd8 11. Nxf7+ Qxf7 12. Bxb8 Rxb8 13. Qd6+ Nd7 14. Nf3 Qe7 15. Qg3 Ra8 16. 0-0-0 Nb6 17. Bb3 Nd5 18. Rhe1 Qc7 19. Qg5+ Bf6 20. Qd2 Qf4 21. Re4 Qxe4 0-1

[Event "Antwerp League-ch op"]
[Site "Antwerp"]
[Date "1993.10.24"]
[Round "2"]
[White "Ferris, Herby"]
[Black "De Cock, Cesar"]
[Result "1-0"]
[WhiteElo "1801"]
[BlackElo "1587"]
[PlyCount "61"]
[EventDate "1993.09.26"]
[EventType "swiss"]
[EventRounds "9"]
[EventCountry "BEL"]
[SourceTitle "EXT 2021"]
[Source "ChessBase"]
[SourceDate "2020.10.23"]
[SourceVersion "1"]
[SourceVersionDate "2020.10.23"]
[SourceQuality "1"]

1. e4 c5 2. Nf3 d6 3. d4 cxd4 4. Nxd4 e5 5. Ne2 Nf6 6. Ng3 a6 7. Bg5 Be7 8. Bd3 b5 9. c3 0-0 10. b4 Bb7 11. Nd2 h6 12. Be3 Bc8 13. Nf3 Be6 14. h3 Qc7 15. Qd2 Nh7 16. a4 bxa4 17. Rxa4 Bd7 18. Ra1 Qd8 19. Nh2 Bg5 20. Ng4 Bxe3 21. Nxe3 Be6 22. 0-0 Qg5 23. Qc2 Nf6 24. Ra5 Rd8 25. Ngf5 Rd7 26. f4 Qg6 27. fxe5 dxe5 28. Rxe5 Rc7 29. g4 Nh7 30. Nh4 Qg5 31. Rxg5 1-0